[Event "Biel Master Tournament 2019"]
[Site "Biel"]
[Date "2019.07.29"]
[Round "7.15"]
[White "Mastrovasilis, Athanasios"]
[Black "Dhulipalla Bala Chandra Prasad"]
[Result "1/2-1/2"]
[WhiteElo "2518"]
[BlackElo "2419"]
[Annotator "ChessBase"]
[PlyCount "132"]
[EventDate "2019.07.20"]
[EventType "swiss"]
[EventCountry "SUI"]
[SourceTitle "playchess.com"]
[Source "ChessBase"]
[SourceQuality "1"]
[TimeControl "40/5400+30:1800+30"]

1. d4 {[%emt 0:04:04]} d5 {[%emt 0:00:00]} 2. c4 {[%emt 0:00:14]} e6 {[%emt 0:00:00]} 3. Nc3 {[%emt 0:00:09]} a6 {[%emt 0:00:00]} 4. cxd5 {[%emt 0:01:29]} exd5 {[%emt 0:00:00]} 5. Nf3 {[%emt 0:01:30]} c6 {[%emt 0:00:00]} 6. Bf4 {[%emt 0:02:12]} Bd6 {[%emt 0:00:44]} 7. Bxd6 {[%emt 0:01:14]} Qxd6 {[%emt 0:00:06]} 8. e3 {[%emt 0:00:07]} Nf6 {[%emt 0:02:05]} 9. Qc2 {[%emt 0:05:14]} O-O {[%emt 0:04:08]} 10. Bd3 {[%emt 0:02:53]} b6 {[%emt 0:22:34]} 11. O-O {[%emt 0:05:32]} Bb7 {[%emt 0:01:56]} 12. e4 {[%emt 0:16:11]} dxe4 {[%emt 0:00:56]} 13. Nxe4 {[%emt 0:00:09]} Nxe4 {[%emt 0:00:12]} 14. Bxe4 {[%emt 0:00:03]} h6 {[%emt 0:04:34]} 15. Ne5 {[%emt 0:10:38]} Nd7 {[%emt 0:19:33]} 16. Nc4 {[%emt 0:03:46]} Qc7 {[%emt 0:03:16]} 17. Rfe1 {[%emt 0:04:53]} Nf6 {[%emt 0:10:02]} 18. Bf3 {[%emt 0:05:06]} Rad8 {[%emt 0:08:53]} 19. Rad1 {[%emt 0:08:29]} b5 {[%emt 0:01:29]} 20. Ne3 {[%emt 0:05:21]} Rd7 {[%emt 0:02:15]} 21. Qc5 {[%emt 0:01:17]} g6 {[%emt 0:07:56]} 22. h4 {[%emt 0:05:00]} h5 {[%emt 0:02:01]} 23. Qg5 {[%emt 0:01:33]} Nh7 {[%emt 0:00:23]} 24. Qc5 {[%emt 0:05:11]} Rfd8 {[%emt 0:00:07]} 25. Rc1 {[%emt 0:01:35]} Qf4 {[%emt 0:01:27]} 26. Bxc6 {[%emt 0:01:10]} Bxc6 {[%emt 0:00:23]} 27. Qxc6 {[%emt 0:00:01]} Rd6 {[%emt 0:02:18]} 28. Qb7 {[%emt 0:00:54]} Qxh4 {[%emt 0:00:29]} 29. d5 {[%emt 0:00:53]} Qb4 {[%emt 0:01:04]} 30. Red1 {[%emt 0:02:13]} Ng5 {[%emt 0:01:48]} 31. Rc8 {[%emt 0:02:27]} Rxc8 {[%emt 0:02:05]} 32. Qxc8+ {[%emt 0:00:01]} Kg7 {[%emt 0:00:17]} 33. Qc3+ {[%emt 0:01:41]} Qxc3 {[%emt 0:00:05]} 34. bxc3 {[%emt 0:00:01]} Ne4 {[%emt 0:00:22]} 35. c4 {[%emt 0:00:07]} bxc4 {[%emt 0:00:04]} 36. Nxc4 {[%emt 0:00:04]} Rd8 {[%emt 0:00:32]} 37. d6 {[%emt 0:02:04]} Kf6 {[%emt 0:01:02]} 38. f3 {[%emt 0:01:18]} Nc3 {[%emt 0:01:31]} 39. Rd3 {[%emt 0:01:30]} Nxa2 {[%emt 0:00:48]} 40. Na5 {[%emt 0:00:41]} Rd7 {[%emt 0:01:36]} 41. Nc4 {[%emt 0:09:48]} Nb4 {[%emt 0:15:21]} 42. Rd4 {[%emt 0:01:44]} Nc6 {[%emt 0:00:46]} 43. Rd5 {[%emt 0:02:48]} Ke6 {[%emt 0:03:30]} 44. Rc5 {[%emt 0:00:48]} Nd4 {[%emt 0:00:38]} 45. Re5+ {[%emt 0:02:48]} Kf6 {[%emt 0:00:02]} 46. Ra5 {[%emt 0:00:19]} Nb5 {[%emt 0:01:21]} 47. Rxa6 {[%emt 0:00:45]} Ke6 {[%emt 0:00:12]} 48. Ra1 {[%emt 0:02:41]} Nxd6 {[%emt 0:02:14]} 49. Re1+ {[%emt 0:00:21]} Kf6 {[%emt 0:00:16]} 50. Rd1 {[%emt 0:00:13]} Ke7 {[%emt 0:00:26]} 51. Re1+ {[%emt 0:00:08]} Kd8 {[%emt 0:01:30]} 52. Nxd6 {[%emt 0:00:38]} Rxd6 {[%emt 0:00:10]} 53. Kf2 {[%emt 0:00:37]} Re6 {[%emt 0:00:36]} 54. Ra1 {[%emt 0:00:49]} Ke7 {[%emt 0:00:05]} 55. f4 {[%emt 0:00:57]} Kf6 {[%emt 0:01:05]} 56. Kf3 {[%emt 0:00:28]} Rb6 {[%emt 0:00:06]} 57. Ra3 {[%emt 0:00:44]} Rb5 {[%emt 0:00:35]} 58. g3 {[%emt 0:01:17]} Kf5 {[%emt 0:00:18]} 59. Rc3 {[%emt 0:00:14]} f6 {[%emt 0:00:06]} 60. Ra3 {[%emt 0:00:10]} g5 {[%emt 0:00:12]} 61. fxg5 {[%emt 0:00:05]} Kxg5 {[%emt 0:00:05]} 62. Rc3 {[%emt 0:01:00]} Rf5+ {[%emt 0:00:25]} 63. Kg2 {[%emt 0:00:10]} Kg4 {[%emt 0:00:26]} 64. Rc4+ {[%emt 0:00:05]} Kg5 {[%emt 0:00:02]} 65. Rc8 {[%emt 0:00:35]} Ra5 {[%emt 0:00:10]} 66. Rc3 {[%emt 0:00:54]} Rf5 {[%emt 0:00:04]} 1/2-1/2

[Event "Biel Master Tournament 2019"]
[Site "Biel"]
[Date "2019.07.29"]
[Round "7.16"]
[White "Sedlak, Nikola"]
[Black "Pranav Anand"]
[Result "1-0"]
[WhiteElo "2586"]
[BlackElo "2347"]
[Annotator "ChessBase"]
[PlyCount "117"]
[EventDate "2019.07.20"]
[EventType "swiss"]
[EventCountry "SUI"]
[SourceTitle "playchess.com"]
[Source "ChessBase"]
[SourceQuality "1"]
[TimeControl "40/5400+30:1800+30"]

1. e4 {[%emt 0:03:56]} c5 {[%emt 0:00:00]} 2. Nc3 {[%emt 0:00:14]} Nc6 {[%emt 0:00:00]} 3. Bb5 {[%emt 0:00:16]} Nd4 {[%emt 0:00:08]} 4. Nf3 {[%emt 0:00:13]} Nxb5 {[%emt 0:00:28]} 5. Nxb5 {[%emt 0:00:09]} d6 {[%emt 0:00:25]} 6. d4 {[%emt 0:00:40]} cxd4 {[%emt 0:03:17]} 7. Qxd4 {[%emt 0:03:46]} a6 {[%emt 0:05:05]} 8. Nc3 {[%emt 0:00:07]} e5 {[%emt 0:01:14]} 9. Qa4+ {[%emt 0:04:53]} b5 {[%emt 0:08:04]} 10. Qb3 {[%emt 0:00:37]} Be6 {[%emt 0:06:36]} 11. Nd5 {[%emt 0:03:22]} Nf6 {[%emt 0:03:58]} 12. Bg5 {[%emt 0:01:29]} Bxd5 {[%emt 0:01:24]} 13. exd5 {[%emt 0:00:30]} Be7 {[%emt 0:00:17]} 14. a4 {[%emt 0:02:28]} O-O {[%emt 0:00:23]} 15. Bxf6 {[%emt 0:00:51]} Bxf6 {[%emt 0:00:20]} 16. O-O {[%emt 0:00:39]} Rb8 {[%emt 0:07:48]} 17. axb5 {[%emt 0:08:06]} Rxb5 {[%emt 0:00:40]} 18. Qd3 {[%emt 0:00:11]} Qa8 {[%emt 0:20:24]} 19. Qxb5 {[%emt 0:07:20]} axb5 {[%emt 0:00:55]} 20. Rxa8 {[%emt 0:00:09]} Rxa8 {[%emt 0:00:03]} 21. Nd2 {[%emt 0:01:14]} Be7 {[%emt 0:06:22]} 22. g4 {[%emt 0:07:28]} Ra4 {[%emt 0:03:24]} 23. f3 {[%emt 0:01:10]} Kf8 {[%emt 0:06:52]} 24. Ne4 {[%emt 0:00:37]} Ra6 {[%emt 0:01:14]} 25. Kf2 {[%emt 0:00:41]} Bd8 {[%emt 0:00:59]} 26. Ke2 {[%emt 0:00:11]} Ke7 {[%emt 0:00:45]} 27. Kd3 {[%emt 0:01:27]} Ra4 {[%emt 0:02:56]} 28. c3 {[%emt 0:04:50]} Bb6 {[%emt 0:01:38]} 29. h4 {[%emt 0:02:54]} f6 {[%emt 0:07:22]} 30. h5 {[%emt 0:00:13]} Ba7 {[%emt 0:02:52]} 31. Rh1 {[%emt 0:03:33]} h6 {[%emt 0:01:40]} 32. Kc2 {[%emt 0:02:28]} Bb6 {[%emt 0:00:54]} 33. b4 {[%emt 0:05:54]} Ra2+ {[%emt 0:03:02]} 34. Kb3 {[%emt 0:00:18]} Re2 {[%emt 0:01:12]} 35. Ra1 {[%emt 0:01:20]} Re3 {[%emt 0:00:15]} 36. Rf1 {[%emt 0:01:20]} Rd3 {[%emt 0:00:46]} 37. Kc2 {[%emt 0:00:37]} Rxd5 {[%emt 0:00:44]} 38. Ra1 {[%emt 0:00:13]} Be3 {[%emt 0:01:45]} 39. Ra8 {[%emt 0:01:23]} Bb6 {[%emt 0:01:34]} 40. Rg8 {[%emt 0:02:40]} Kf7 {[%emt 0:00:17]} 41. Rb8 {[%emt 0:30:21]} Be3 {[%emt 0:30:21]} 42. Rb7+ {[%emt 0:00:10]} Kf8 {[%emt 0:00:16]} 43. Rd7 {[%emt 0:00:39]} Bb6 {[%emt 0:01:16]} 44. Rxd6 {[%emt 0:00:42]} Rxd6 {[%emt 0:00:06]} 45. Nxd6 {[%emt 0:00:07]} g6 {[%emt 0:00:52]} 46. hxg6 {[%emt 0:01:08]} Kg7 {[%emt 0:00:09]} 47. Kd3 {[%emt 0:01:19]} Kxg6 {[%emt 0:00:14]} 48. Ke4 {[%emt 0:04:13]} Bf2 {[%emt 0:00:17]} 49. Nxb5 {[%emt 0:01:04]} Be1 {[%emt 0:00:08]} 50. Ke3 {[%emt 0:00:57]} f5 {[%emt 0:00:18]} 51. Ke2 {[%emt 0:00:38]} Bg3 {[%emt 0:00:35]} 52. Nd6 {[%emt 0:00:39]} fxg4 {[%emt 0:00:26]} 53. fxg4 {[%emt 0:00:08]} h5 {[%emt 0:00:42]} 54. Ne4 {[%emt 0:00:47]} Bh4 {[%emt 0:00:12]} 55. g5 {[%emt 0:03:25]} Bxg5 {[%emt 0:00:35]} 56. Nxg5 {[%emt 0:00:18]} Kxg5 {[%emt 0:00:01]} 57. b5 {[%emt 0:00:06]} h4 {[%emt 0:00:06]} 58. b6 {[%emt 0:00:04]} h3 {[%emt 0:00:05]} 59. Kf1 {[%emt 0:00:09]} 1-0

[Event "Biel Master Tournament 2019"]
[Site "Biel"]
[Date "2019.07.29"]
[Round "7.17"]
[White "Lee, Jun Hyeok"]
[Black "Lalith Babu M R"]
[Result "0-1"]
[WhiteElo "2383"]
[BlackElo "2580"]
[Annotator "ChessBase"]
[PlyCount "56"]
[EventDate "2019.07.20"]
[EventType "swiss"]
[EventCountry "SUI"]
[SourceTitle "playchess.com"]
[Source "ChessBase"]
[SourceQuality "1"]
[TimeControl "40/5400+30:1800+30"]

1. d4 {[%emt 0:00:00]} Nf6 {[%emt 0:00:00]} 2. Bg5 {[%emt 0:00:00]} Ne4 {[%emt 0:00:05]} 3. Bf4 {[%emt 0:00:00]} c5 {[%emt 0:00:07]} 4. f3 {[%emt 0:00:05]} Nf6 {[%emt 0:02:08]} 5. dxc5 {[%emt 0:00:18]} e6 {[%emt 0:05:43]} 6. Bd6 {[%emt 0:02:29]} b6 {[%emt 0:04:48]} 7. Bxf8 {[%emt 0:02:55]} Rxf8 {[%emt 0:00:04]} 8. Nc3 {[%emt 0:03:48]} bxc5 {[%emt 0:00:24]} 9. e4 {[%emt 0:01:54]} Nc6 {[%emt 0:07:24]} 10. Qd2 {[%emt 0:02:45]} d5 {[%emt 0:05:44]} 11. exd5 {[%emt 0:08:54]} exd5 {[%emt 0:00:40]} 12. O-O-O {[%emt 0:03:58]} Be6 {[%emt 0:00:57]} 13. Qg5 {[%emt 0:07:07]} Rb8 {[%emt 0:07:33]} 14. Bb5 {[%emt 0:16:14]} Qb6 {[%emt 0:01:04]} 15. Nge2 {[%emt 0:06:07]} d4 {[%emt 0:03:06]} 16. Rhe1 {[%emt 0:14:03]} a6 {[%emt 0:18:24]} 17. Qxg7 {[%emt 0:03:16]} dxc3 {[%emt 0:06:32]} 18. Nxc3 {[%emt 0:02:46]} axb5 {[%emt 0:03:22]} 19. Qxf6 {[%emt 0:03:01]} Nd4 {[%emt 0:03:56]} 20. Qe5 {[%emt 0:05:33]} Rd8 {[%emt 0:15:21]} 21. Nd5 {[%emt 0:01:56]} Qd6 {[%emt 0:00:39]} 22. Nc7+ {[%emt 0:12:03]} Ke7 {[%emt 0:00:54]} 23. Qg5+ {[%emt 0:01:41]} f6 {[%emt 0:00:11]} 24. Qe3 {[%emt 0:00:42]} Qxc7 {[%emt 0:01:24]} 25. c3 {[%emt 0:00:19]} Kf7 {[%emt 0:00:46]} 26. Qh6 {[%emt 0:00:32]} Kg8 {[%emt 0:00:31]} 27. cxd4 {[%emt 0:00:26]} cxd4+ {[%emt 0:00:06]} 28. Kb1 {[%emt 0:00:02]} Qc4 {[%emt 0:00:10]} 0-1

[Event "Biel Master Tournament 2019"]
[Site "Biel"]
[Date "2019.07.29"]
[Round "7.18"]
[White "Santos Ruiz, Miguel"]
[Black "Omar, Noaman"]
[Result "1/2-1/2"]
[WhiteElo "2567"]
[BlackElo "2369"]
[Annotator "ChessBase"]
[PlyCount "91"]
[EventDate "2019.07.20"]
[EventType "swiss"]
[EventCountry "SUI"]
[SourceTitle "playchess.com"]
[Source "ChessBase"]
[SourceQuality "1"]
[TimeControl "40/5400+30:1800+30"]

1. d4 {[%emt 0:00:34]} d5 {[%emt 0:00:00]} 2. c4 {[%emt 0:00:04]} e6 {[%emt 0:00:00]} 3. Nc3 {[%emt 0:00:06]} Be7 {[%emt 0:00:05]} 4. cxd5 {[%emt 0:00:05]} exd5 {[%emt 0:00:05]} 5. Bf4 {[%emt 0:00:03]} Nf6 {[%emt 0:01:08]} 6. e3 {[%emt 0:00:12]} Bf5 {[%emt 0:00:34]} 7. Nge2 {[%emt 0:00:14]} O-O {[%emt 0:00:38]} 8. a3 {[%emt 0:00:13]} c6 {[%emt 0:04:44]} 9. Ng3 {[%emt 0:01:07]} Be6 {[%emt 0:01:11]} 10. Bd3 {[%emt 0:00:21]} c5 {[%emt 0:01:20]} 11. Nf5 {[%emt 0:00:32]} Bxf5 {[%emt 0:00:24]} 12. Bxf5 {[%emt 0:00:22]} cxd4 {[%emt 0:00:27]} 13. exd4 {[%emt 0:25:39]} Nc6 {[%emt 0:34:35]} 14. b4 {[%emt 0:11:09]} g6 {[%emt 0:17:22]} 15. Bh3 {[%emt 0:07:00]} Nh5 {[%emt 0:03:26]} 16. Bh6 {[%emt 0:06:50]} Re8 {[%emt 0:02:43]} 17. O-O {[%emt 0:00:05]} Bg5 {[%emt 0:00:28]} 18. Bxg5 {[%emt 0:00:55]} Qxg5 {[%emt 0:00:04]} 19. g3 {[%emt 0:00:49]} Nf4 {[%emt 0:05:17]} 20. Bd7 {[%emt 0:02:39]} Red8 {[%emt 0:00:05]} 21. Bxc6 {[%emt 0:00:47]} bxc6 {[%emt 0:00:32]} 22. h4 {[%emt 0:00:05]} Qf6 {[%emt 0:04:42]} 23. gxf4 {[%emt 0:00:12]} Qxf4 {[%emt 0:00:43]} 24. Re1 {[%emt 0:14:02]} Re8 {[%emt 0:01:59]} 25. Qd3 {[%emt 0:02:14]} Qxh4 {[%emt 0:00:25]} 26. Re3 {[%emt 0:00:44]} Rxe3 {[%emt 0:02:13]} 27. Qxe3 {[%emt 0:00:40]} Qg4+ {[%emt 0:01:04]} 28. Kf1 {[%emt 0:00:16]} h5 {[%emt 0:01:35]} 29. b5 {[%emt 0:08:06]} Qd7 {[%emt 0:03:15]} 30. Qf3 {[%emt 0:03:29]} Re8 {[%emt 0:03:45]} 31. bxc6 {[%emt 0:04:15]} Qxc6 {[%emt 0:00:02]} 32. Nxd5 {[%emt 0:00:06]} Kg7 {[%emt 0:00:07]} 33. Kg2 {[%emt 0:00:28]} Rd8 {[%emt 0:00:55]} 34. Nc3 {[%emt 0:02:20]} Qxf3+ {[%emt 0:00:11]} 35. Kxf3 {[%emt 0:00:03]} Rxd4 {[%emt 0:00:02]} 36. Ke3 {[%emt 0:00:25]} Rd7 {[%emt 0:00:17]} 37. Rb1 {[%emt 0:00:40]} h4 {[%emt 0:01:55]} 38. Ne4 {[%emt 0:02:20]} Re7 {[%emt 0:00:30]} 39. Kf3 {[%emt 0:00:38]} Rd7 {[%emt 0:01:38]} 40. Rb3 {[%emt 0:01:02]} f5 {[%emt 0:06:35]} 41. Nc5 {[%emt 0:30:36]} Rd5 {[%emt 0:30:25]} 42. Rb7+ {[%emt 0:06:01]} Kh6 {[%emt 0:01:15]} 43. Rc7 {[%emt 0:00:00]} g5 {[%emt 0:00:00]} 44. Rc6+ {[%emt 0:00:00]} Kh5 {[%emt 0:00:00]} 45. Kg2 {[%emt 0:00:00]} g4 {[%emt 0:00:00]} 46. Ne6 {[%emt 0:00:00]} 1/2-1/2

[Event "Biel Master Tournament 2019"]
[Site "Biel"]
[Date "2019.07.29"]
[Round "7.19"]
[White "Bisby, Daniel L"]
[Black "Bellahcene, Bilel"]
[Result "0-1"]
[WhiteElo "2335"]
[BlackElo "2541"]
[Annotator "ChessBase"]
[PlyCount "114"]
[EventDate "2019.07.20"]
[EventType "swiss"]
[EventCountry "SUI"]
[SourceTitle "playchess.com"]
[Source "ChessBase"]
[SourceQuality "1"]
[TimeControl "40/5400+30:1800+30"]

1. e4 {[%emt 0:01:07]} c5 {[%emt 0:08:31]} 2. Nf3 {[%emt 0:00:00]} d6 {[%emt 0:00:04]} 3. d4 {[%emt 0:00:05]} cxd4 {[%emt 0:00:03]} 4. Nxd4 {[%emt 0:00:06]} Nf6 {[%emt 0:00:03]} 5. Nc3 {[%emt 0:00:22]} a6 {[%emt 0:00:05]} 6. f3 {[%emt 0:00:57]} Qb6 {[%emt 0:00:21]} 7. a3 {[%emt 0:10:59]} e5 {[%emt 0:01:49]} 8. Nb3 {[%emt 0:01:58]} Be6 {[%emt 0:01:11]} 9. Nd5 {[%emt 0:10:06]} Bxd5 {[%emt 0:00:14]} 10. exd5 {[%emt 0:00:05]} Nbd7 {[%emt 0:00:08]} 11. Qd3 {[%emt 0:05:00]} g6 {[%emt 0:00:10]} 12. Be3 {[%emt 0:00:44]} Qc7 {[%emt 0:00:05]} 13. Be2 {[%emt 0:02:06]} Bg7 {[%emt 0:01:08]} 14. O-O {[%emt 0:01:40]} O-O {[%emt 0:04:25]} 15. Rac1 {[%emt 0:07:51]} Rfe8 {[%emt 0:06:27]} 16. Qd2 {[%emt 0:01:55]} a5 {[%emt 0:01:35]} 17. a4 {[%emt 0:14:26]} Re7 {[%emt 0:02:56]} 18. Kh1 {[%emt 0:04:33]} h5 {[%emt 0:01:32]} 19. Bg5 {[%emt 0:09:06]} e4 {[%emt 0:08:00]} 20. Nd4 {[%emt 0:08:03]} Qc5 {[%emt 0:03:08]} 21. Nb3 {[%emt 0:05:41]} e3 {[%emt 0:02:18]} 22. Qd3 {[%emt 0:01:04]} Qa7 {[%emt 0:01:57]} 23. f4 {[%emt 0:01:04]} Re4 {[%emt 0:04:23]} 24. Rce1 {[%emt 0:06:21]} Rae8 {[%emt 0:10:30]} 25. Qb5 {[%emt 0:00:15]} Ra8 {[%emt 0:06:19]} 26. c3 {[%emt 0:01:22]} Nf8 {[%emt 0:02:30]} 27. Bf3 {[%emt 0:03:21]} Ree8 {[%emt 0:00:33]} 28. f5 {[%emt 0:00:50]} N8h7 {[%emt 0:05:46]} 29. Bf4 {[%emt 0:00:18]} g5 {[%emt 0:02:26]} 30. Bxd6 {[%emt 0:00:23]} g4 {[%emt 0:00:01]} 31. Be2 {[%emt 0:00:49]} Ne4 {[%emt 0:02:28]} 32. Bc7 {[%emt 0:00:33]} Be5 {[%emt 0:03:35]} 33. Bxe5 {[%emt 0:01:11]} Rxe5 {[%emt 0:00:01]} 34. Nd4 {[%emt 0:01:21]} Nhf6 {[%emt 0:00:28]} 35. Kg1 {[%emt 0:01:03]} Rae8 {[%emt 0:01:03]} 36. Qd3 {[%emt 0:00:33]} Nf2 {[%emt 0:02:16]} 37. Qc4 {[%emt 0:00:17]} Rxd5 {[%emt 0:00:19]} 38. Qc7 {[%emt 0:00:18]} Rde5 {[%emt 0:05:33]} 39. Bb5 {[%emt 0:00:28]} R8e7 {[%emt 0:07:29]} 40. Qd8+ {[%emt 0:00:15]} Kg7 {[%emt 0:00:02]} 41. Ne6+ {[%emt 0:07:31]} R7xe6 {[%emt 0:00:19]} 42. fxe6 {[%emt 0:02:28]} Rxe6 {[%emt 0:01:56]} 43. Re2 {[%emt 0:00:50]} Qc5 {[%emt 0:04:25]} 44. Rfe1 {[%emt 0:02:04]} Qg5 {[%emt 0:05:37]} 45. Bc4 {[%emt 0:02:50]} g3 {[%emt 0:05:05]} 46. h3 {[%emt 0:01:01]} Re4 {[%emt 0:12:16]} 47. Qc7 {[%emt 0:03:08]} Kh6 {[%emt 0:00:59]} 48. Qxf7 {[%emt 0:06:30]} Qf4 {[%emt 0:00:16]} 49. Be6 {[%emt 0:01:09]} Kg5 {[%emt 0:02:30]} 50. Bc8 {[%emt 0:02:01]} b6 {[%emt 0:02:03]} 51. Qb7 {[%emt 0:01:49]} Re8 {[%emt 0:04:58]} 52. Qg7+ {[%emt 0:03:03]} Kh4 {[%emt 0:00:06]} 53. Bd7 {[%emt 0:00:16]} Rd8 {[%emt 0:01:09]} 54. Bc6 {[%emt 0:01:25]} Rd2 {[%emt 0:00:15]} 55. Qe7 {[%emt 0:01:34]} Nd3 {[%emt 0:03:03]} 56. Rxe3 {[%emt 0:01:07]} Nxe1 {[%emt 0:00:25]} 57. Re4 {[%emt 0:00:22]} Rxg2+ {[%emt 0:00:37]} 0-1

[Event "Biel Master Tournament 2019"]
[Site "Biel"]
[Date "2019.07.29"]
[Round "7.20"]
[White "Stany, G.A."]
[Black "Samant Aditya S"]
[Result "1/2-1/2"]
[WhiteElo "2525"]
[BlackElo "2296"]
[Annotator "ChessBase"]
[PlyCount "95"]
[EventDate "2019.07.20"]
[EventType "swiss"]
[EventCountry "SUI"]
[SourceTitle "playchess.com"]
[Source "ChessBase"]
[SourceQuality "1"]
[TimeControl "40/5400+30:1800+30"]

1. e4 {[%emt 0:00:00]} c5 {[%emt 0:00:00]} 2. Nf3 {[%emt 0:00:00]} d6 {[%emt 0:00:00]} 3. Bb5+ {[%emt 0:00:00]} Bd7 {[%emt 0:00:00]} 4. c4 {[%emt 0:00:00]} Nc6 {[%emt 0:00:51]} 5. d4 {[%emt 0:01:12]} cxd4 {[%emt 0:00:09]} 6. Nxd4 {[%emt 0:00:04]} Nf6 {[%emt 0:00:16]} 7. Nc3 {[%emt 0:00:05]} g6 {[%emt 0:02:34]} 8. O-O {[%emt 0:00:18]} Bg7 {[%emt 0:00:08]} 9. Nxc6 {[%emt 0:00:47]} bxc6 {[%emt 0:01:00]} 10. Ba4 {[%emt 0:00:05]} O-O {[%emt 0:00:17]} 11. Re1 {[%emt 0:00:43]} Qb6 {[%emt 0:06:56]} 12. h3 {[%emt 0:03:16]} Be6 {[%emt 0:03:52]} 13. Bb3 {[%emt 0:07:20]} Nd7 {[%emt 0:03:38]} 14. Be3 {[%emt 0:01:38]} Qb4 {[%emt 0:08:12]} 15. Bd2 {[%emt 0:04:54]} Qb7 {[%emt 0:04:21]} 16. Na4 {[%emt 0:00:53]} Nb6 {[%emt 0:05:41]} 17. Nxb6 {[%emt 0:02:18]} axb6 {[%emt 0:00:15]} 18. Qc2 {[%emt 0:13:05]} b5 {[%emt 0:04:44]} 19. c5 {[%emt 0:02:39]} Bxb3 {[%emt 0:01:36]} 20. axb3 {[%emt 0:00:06]} dxc5 {[%emt 0:01:42]} 21. Rxa8 {[%emt 0:08:13]} Rxa8 {[%emt 0:00:30]} 22. e5 {[%emt 0:02:16]} Rd8 {[%emt 0:03:35]} 23. f4 {[%emt 0:03:24]} c4 {[%emt 0:07:20]} 24. bxc4 {[%emt 0:00:53]} bxc4 {[%emt 0:00:06]} 25. Re4 {[%emt 0:04:42]} Qb5 {[%emt 0:14:58]} 26. Bc1 {[%emt 0:09:40]} f6 {[%emt 0:05:41]} 27. exf6 {[%emt 0:05:48]} Bxf6 {[%emt 0:00:57]} 28. Rxc4 {[%emt 0:02:21]} Rd1+ {[%emt 0:02:06]} 29. Kh2 {[%emt 0:04:18]} Rd6 {[%emt 0:03:10]} 30. b3 {[%emt 0:03:54]} Kf7 {[%emt 0:05:31]} 31. Ba3 {[%emt 0:07:48]} Re6 {[%emt 0:03:30]} 32. Bc5 {[%emt 0:00:32]} Qb8 {[%emt 0:02:28]} 33. Qd3 {[%emt 0:04:03]} Qc7 {[%emt 0:01:48]} 34. Kg3 {[%emt 0:03:07]} Qa5 {[%emt 0:02:15]} 35. Rc2 {[%emt 0:02:23]} Qe1+ {[%emt 0:00:45]} 36. Bf2 {[%emt 0:00:33]} Qb4 {[%emt 0:01:25]} 37. Rc4 {[%emt 0:02:08]} Qd6 {[%emt 0:00:57]} 38. Qc2 {[%emt 0:01:13]} Qd5 {[%emt 0:02:00]} 39. Rc5 {[%emt 0:00:12]} Qd6 {[%emt 0:00:21]} 40. Qc4 {[%emt 0:01:47]} Kg7 {[%emt 0:02:09]} 41. Kh2 {[%emt 0:04:20]} Qd7 {[%emt 0:03:16]} 42. Ra5 {[%emt 0:05:48]} Rd6 {[%emt 0:01:34]} 43. Bc5 {[%emt 0:01:31]} Rd5 {[%emt 0:17:49]} 44. Ra7 {[%emt 0:00:20]} Qe6 {[%emt 0:00:45]} 45. Qb4 {[%emt 0:13:07]} Kf7 {[%emt 0:04:31]} 46. Ra8 {[%emt 0:00:10]} Bg7 {[%emt 0:01:51]} 47. Ra7 {[%emt 0:03:39]} Rd7 {[%emt 0:00:56]} 48. Rxd7 {[%emt 0:01:13]} 1/2-1/2

[Event "Biel Master Tournament 2019"]
[Site "Biel"]
[Date "2019.07.30"]
[Round "8.1"]
[White "Xiong, Jeffery"]
[Black "Tabatabaei, M.amin"]
[Result "0-1"]
[WhiteElo "2691"]
[BlackElo "2601"]
[Annotator "TA"]
[PlyCount "50"]
[EventDate "2019.07.20"]
[EventType "swiss"]
[EventCountry "SUI"]
[SourceTitle "playchess.com"]
[Source "ChessBase"]
[SourceQuality "1"]

{[%evp 11,50,11,14,5,10,13,0,1,14,0,0,-6,0,0,0,-7,0,-15,0,-12,0,-64,-61,-254,-247,-516,-406,-735,-737,-973,-957,-1022,-1027,-1012,-552,-619,-595,-618,-611,-29994,-29995]} 1. d4 Nf6 2. c4 e6 3. Nf3 d5 4. g3 Be7 5. Bg2 O-O 6. O-O Nbd7 7. Qd3 {E07: Closed Catalan: Main Line (5 Nf3 0-0 6 0-0 Nbd7)} (7. Qc2 c6 8. Nbd2 b6 9. e4 Bb7 10. e5 Ne8 11. cxd5 cxd5 12. Re1 Qc7 13. Qd1 a5 14. Nf1 Rc8 15. Ne3 Ba6 16. h4 h6 17. Bd2 Qd8 18. Bh3 Nb8 19. a3 Qd7 {½-½ (69) Cheparinov,I (2683)-Piorun,K (2631) Skopje 2019}) 7... b6 8. cxd5 exd5 9. Nc3 {The position is equal.} Bb7 10. Ne5 Re8 $146 ({Predecessor:} 10... c5 11. Nxd7 Qxd7 12. Bg5 cxd4 13. Qxd4 Rfd8 14. Rfd1 h6 15. Bxf6 Bxf6 {1-0 (46) Mira,H (2077)-Fritz,R (1761) Feistritz an der Drau 2014}) 11. Bf4 c5 12. Rfd1 cxd4 13. Nb5 Nc5 14. Qf3 Nce4 15. Nd3 Rc8 16. Bh3 (16. Nxa7 $11 Rc4 17. b3) 16... Rc4 $15 17. Ne5 $2 {[#]} (17. b3 $15 Rc3 18. Qg2) 17... Bc5 $1 $19 18. e3 $2 {[#]} (18. Bf5 {keeps fighting.}) 18... Rxe5 $1 {[%mdl 512]} 19. Bxe5 (19. exd4 $142 Rh5 20. Bg2) 19... Ng5 20. Qf5 Nxh3+ 21. Qxh3 dxe3 22. Bd4 Qe8 {Threatens to win with ...exf2+.} 23. Bxc5 bxc5 24. Nd6 exf2+ 25. Kf1 {[#]} Rc2 $1 {[%mdl 512] Accuracy: White = 29%, Black = 63%.} 0-1

[Event "Biel Master Tournament 2019"]
[Site "Biel"]
[Date "2019.07.30"]
[Round "8.2"]
[White "Brkic, Ante"]
[Black "Iturrizaga Bonelli, Eduardo"]
[Result "1/2-1/2"]
[WhiteElo "2573"]
[BlackElo "2625"]
[Annotator "TA"]
[PlyCount "25"]
[EventDate "2019.07.20"]
[EventType "swiss"]
[EventCountry "SUI"]
[SourceTitle "playchess.com"]
[Source "ChessBase"]
[SourceQuality "1"]

{[%evp 9,25,0,18,18,4,14,18,19,38,38,38,31,31,28,21,30,17,46]} 1. e4 c6 2. d4 d5 3. e5 c5 4. dxc5 e6 5. a3 Nc6 6. Nf3 {B12: Caro-Kann: Advance Variation} Bxc5 7. b4 Bb6 8. Bb2 (8. b5 Nb8 9. Bb2 a6 10. a4 Nh6 11. Be2 axb5 12. axb5 Rxa1 13. Bxa1 {1-0 (40) Grischuk,A (2771)-Navara,D (2739) Shamkir 2019}) 8... f6 9. Bd3 fxe5 10. O-O $146 ({Predecessor:} 10. Nxe5 Nf6 {1-0 (52) Hracek,Z (2609)-Khenkin,I (2594) Czech Republic 2016}) 10... Nf6 {[#] And now ...e4 would win.} 11. Nxe5 O-O 12. Nd2 a5 13. b5 1/2-1/2